[Event "ROM-ch U12 Boys"]
[Site "Voineasa"]
[Date "2008.04.15"]
[Round "5"]
[White "Kovacs, Attila Istvan"]
[Black "Iakab, Benjamin"]
[Result "1-0"]
[WhiteElo "446"]
[BlackElo "401"]
[PlyCount "37"]
[EventDate "2008.04.08"]
[EventType "swiss"]
[EventRounds "9"]
[EventCountry "ROU"]
[SourceTitle "EXT 2013"]
[Source "ChessBase"]
[SourceDate "2012.11.22"]
[SourceVersion "1"]
[SourceVersionDate "2012.11.22"]
[SourceQuality "1"]

1. e4 e6 2. d4 d5 3. exd5 exd5 4. Nc3 c6 5. Nf3 Nd7 6. Bd3 Ngf6 7. Bg5 h6 8. Bh4 c5 9. 0-0 c4 10. Be2 Be7 11. b3 Bb4 12. Nxd5 Be7 13. Nxf6+ Bxf6 14. Bxf6 Nxf6 15. bxc4 0-0 16. Re1 Ne4 17. Qd3 Bf5 18. Ne5 Ng3 19. Qxg3 1-0